Statistics for Star Wars Character to Species

Click here to take the quiz!

General Stats

  • This quiz has been taken 14 times
  • The average score is 7 of 15

Answer Stats

CharacterSpecies% Correct
Luke SkywalkerHuman
92%
Jar Jar BinksGungan
85%
ChewbaccaWookie
85%
JabbaHutt
77%
Aayla SecuraTwi’lek
69%
Grand InquisitorPau’an
46%
MaulZabrak
46%
Ki Adi MundiCerean
31%
Admiral AckbarMon Cala
31%
GreedoRodian
31%
Ahsoka TanoTogruta
31%
Karina the GreatGeonosian
23%
Taun WeKaminoan
23%
LuceDathomirian
15%
GarnacTrandoshan
15%

Score Distribution

Percentile by Number Answered

Percent of People with Each Score

Your Score History

You have not taken this quiz